| 000 | 00778nam a2200229 a 4500 | ||
|---|---|---|---|
| 001 | 000015727 | ||
| 005 | 20200929164131.0 | ||
| 008 | 100217s1999 dr 000 0 spa d | ||
| 020 | _a999342207X | ||
| 040 |
_aDO-SdBNP _bspa _cBNPHU |
||
| 082 |
_axxx _bC766n |
||
| 100 | 1 |
_aCampillo Celado, Rosa _910218 |
|
| 245 | 1 | 3 |
_aLa nacionalidad en la reforma constitucional / _cRosa, Campillo Celado. |
| 260 |
_aSanto Domingo : _bComisión Presidencial para la Reforma y Modernización del Estado _fEl Nuevo Diario _c1999. |
||
| 300 |
_a83 p. : _bretrs. ; _c21 cm. |
||
| 490 | 1 | _aDebates constitucionales | |
| 490 | 1 | _aConversatorio | |
| 500 | _aConversatorio, 14 de octubre del 1999 | ||
| 830 | 0 |
_aDebates constitucionales _91619 |
|
| 830 | 0 |
_aConversatorio _935395 |
|
| 049 | _aBNPD | ||
| 999 |
_c15277 _d15277 |
||